| 000 | 00471nam a2200157 i 4500 | ||
|---|---|---|---|
| 001 | bg | ||
| 245 | 0 |
_aFestschrift des wissenschaftlichen Kolloquiums zum 65. / _cGeburtstag von Robert Rompe ; Herausg. von Wolfram Brauer [et al.]. |
|
| 260 |
_aBerlin : _bAkademie-Verl, _c1973. |
||
| 300 |
_a136 s. : _brys., ilustr. |
||
| 504 | _a[Zawiera bibliogr.]. | ||
| 040 | _cBPK | ||
| 041 | _apol | ||
| 080 | _a539.2 | ||
| 942 | _cKS | ||
| 008 | s pl f |000 0 pol | ||
| 999 |
_c15645 _d15645 |
||
| 856 |
_uhttp://koha.tu.koszalin.pl/cgi-bin/koha/opac-detail.pl?biblionumber=15645 _yKatalog online BPK |
||